[Event "Warsaw YMCA Autumn 41st"]
[Site "Warsaw"]
[Date "2007.12.06"]
[Round "10"]
[White "Prus, Marek"]
[Black "Gugala, Pawel"]
[Result "1/2-1/2"]
[WhiteElo "1914"]
[BlackElo "1926"]
[PlyCount "141"]
[EventDate "2007.09.26"]
[EventType "tourn"]
[EventRounds "11"]
[EventCountry "POL"]
[SourceTitle "EXT 2019"]
[Source "ChessBase"]
[SourceDate "2018.10.10"]
[SourceVersion "1"]
[SourceVersionDate "2018.10.10"]
[SourceQuality "1"]

1. e4 c6 2. Nc3 d5 3. f4 d4 4. Nce2 g6 5. Nf3 c5 6. Ng3 Bh6 7. Bb5+ Bd7 8. Bxd7+ Nxd7 9. d3 Ngf6 10. 0-0 Qb6 11. Kh1 0-0-0 12. c3 e5 13. cxd4 exf4 14. d5 Ng4 15. Ne2 g5 16. h3 Nge5 17. d4 Nxf3 18. Rxf3 Bg7 19. Rc3 Kb8 20. dxc5 Nxc5 21. Rc4 Nd7 22. Bd2 f3 23. gxf3 Qf2 24. Qf1 Qh4 25. Be1 Qh5 26. Ng3 Qg6 27. Nf5 Be5 28. Rac1 Nb6 29. R4c2 Nxd5 30. exd5 Qxf5 31. Qg2 Bf4 32. Rd1 Rxd5 33. Rxd5 Qxd5 34. b3 Qd1 35. Qe2 Rd8 36. Kg2 Qxe2+ 37. Rxe2 Kc7 38. Rc2+ Kd7 39. Bb4 h5 40. Re2 Re8 41. Rc2 b6 42. Ba3 Re1 43. Bf8 Rd1 44. Bb4 a5 45. Bc3 Rc1 46. Rxc1 Bxc1 47. Kf2 h4 48. Ke2 Kd6 49. Kd3 Kd5 50. Bf6 Ke6 51. Bd8 Ba3 52. Bxg5 Bc5 53. Bxh4 Kf5 54. Bg3 f6 55. Ke2 Be7 56. Bf2 Bd8 57. Bd4 Kg5 58. Kf2 f5 59. Ke3 Bc7 60. Bg7 Kh4 61. Bf6+ Kxh3 62. f4 Kg3 63. Be5 Bxe5 64. fxe5 f4+ 65. Kd4 f3 66. e6 f2 67. e7 f1Q 68. e8Q Qa1+ 69. Kd3 Qd1+ 70. Kc3 Qc1+ 71. Kd3 1/2-1/2

[Event "Warsaw YMCA Autumn 41st"]
[Site "Warsaw"]
[Date "2007.11.28"]
[Round "9"]
[White "Gugala, Pawel"]
[Black "Sielicki, Tomasz"]
[Result "0-1"]
[WhiteElo "1926"]
[BlackElo "1945"]
[PlyCount "80"]
[EventDate "2007.09.26"]
[EventType "tourn"]
[EventRounds "11"]
[EventCountry "POL"]
[SourceTitle "EXT 2019"]
[Source "ChessBase"]
[SourceDate "2018.10.10"]
[SourceVersion "1"]
[SourceVersionDate "2018.10.10"]
[SourceQuality "1"]

1. e4 d6 2. Nf3 Nf6 3. Nc3 g6 4. Bc4 Bg7 5. d3 Bg4 6. e5 Bxf3 7. Qxf3 dxe5 8. Qxb7 Nbd7 9. Nb5 0-0 10. Qxc7 e4 11. Qxd8 Rfxd8 12. 0-0 Ne5 13. Be3 exd3 14. cxd3 Nxd3 15. Bxd3 Rxd3 16. Bxa7 Ne4 17. a4 Bxb2 18. Ra2 Bf6 19. Be3 Rb3 20. Nc7 Ra5 21. g3 Nc3 22. Rd2 Kg7 23. Ne8+ Kf8 24. Rd8 e6 25. Nxf6+ Ke7 26. Rh8 Kxf6 27. Rxh7 Rxa4 28. h4 e5 29. Re1 Nd5 30. Bh6 Ke6 31. Rh8 Nf6 32. Bg7 Rb2 33. Rc8 Ng4 34. Bxe5 Nxe5 35. Re8+ Kf6 36. R8xe5 Raa2 37. Kg2 Rxf2+ 38. Kh3 Kg7 39. Kg4 Ra4+ 40. R1e4 f5+ 0-1

[Event "Warsaw YMCA Autumn 41st"]
[Site "Warsaw"]
[Date "2007.09.27"]
[Round "1"]
[White "Gugala, Pawel"]
[Black "Jozwik, Jacek"]
[Result "1/2-1/2"]
[WhiteElo "1926"]
[BlackElo "2041"]
[PlyCount "77"]
[EventDate "2007.09.26"]
[EventType "tourn"]
[EventRounds "11"]
[EventCountry "POL"]
[SourceTitle "EXT 2019"]
[Source "ChessBase"]
[SourceDate "2018.10.10"]
[SourceVersion "1"]
[SourceVersionDate "2018.10.10"]
[SourceQuality "1"]

1. e4 e6 2. c4 d5 3. exd5 exd5 4. d4 Nf6 5. Nf3 Be7 6. Nc3 0-0 7. c5 b6 8. cxb6 axb6 9. Bd3 c5 10. 0-0 Bg4 11. Be3 Nc6 12. Be2 Ne4 13. a3 f5 14. Rc1 Nxc3 15. Rxc3 f4 16. Bc1 Bxf3 17. Rxf3 g5 18. dxc5 bxc5 19. Rh3 Ne5 20. Qc2 Rf7 21. Re1 Bd6 22. Qd1 d4 23. b4 cxb4 24. Bh5 Re7 25. axb4 Qb6 26. Bd2 Kh8 27. Qb1 Raa7 28. Qf5 Rg7 29. Rxe5 Bxe5 30. Qxe5 Ra1+ 31. Be1 Qxb4 32. Kf1 Qe7 33. Qxe7 Rxe7 34. Be2 Rc7 35. Bd3 Rcc1 36. Rxh7+ Kg8 37. Re7 Rd1 38. Bc2 Rdc1 39. Bd3 1/2-1/2

[Event "Mazowieckie-chT 0506"]
[Site "Poland"]
[Date "2006.01.29"]
[Round "8"]
[White "Sliwinski, Marcin"]
[Black "Gugala, Pawel"]
[Result "1-0"]
[WhiteElo "2156"]
[BlackElo "1932"]
[PlyCount "111"]
[EventDate "2005.10.09"]
[EventType "team-tourn"]
[EventRounds "9"]
[EventCountry "POL"]
[SourceTitle "EXT 2019"]
[Source "ChessBase"]
[SourceDate "2018.10.10"]
[SourceVersion "1"]
[SourceVersionDate "2018.10.10"]
[SourceQuality "1"]

1. e4 d5 2. exd5 Nf6 3. Nf3 Nxd5 4. d4 Bg4 5. Be2 e6 6. 0-0 Be7 7. b3 0-0 8. Bb2 Nc6 9. Nbd2 a6 10. c4 Nf4 11. Re1 Bf6 12. Ne4 Nxe2+ 13. Qxe2 Bxd4 14. Rad1 e5 15. h3 Bxf3 16. Qxf3 Qe7 17. Bc1 Rad8 18. Ng3 f5 19. Nxf5 Rxf5 20. Qxf5 Rf8 21. Qc2 Rxf2 22. Qxf2 Bxf2+ 23. Kxf2 e4 24. Bb2 Nb4 25. Kg1 c5 26. Re3 Nc6 27. Rde1 h6 28. Rxe4 Qd6 29. R1e2 Qd1+ 30. Kh2 Nd4 31. Re8+ Kf7 32. R2e7+ Kg6 33. Bxd4 cxd4 34. Rd8 d3 35. Red7 Qe2 36. Rxd3 Qe5+ 37. Kg1 Qe1+ 38. Kh2 Qe5+ 39. Rg3+ Kf6 40. Rd5 Qc7 41. Rdd3 h5 42. Kg1 Ke5 43. Rge3+ Kf4 44. Kf2 h4 45. Rd4+ Kg5 46. Ree4 Qg3+ 47. Kg1 Qc3 48. Rxh4 Qa1+ 49. Kh2 Qxa2 50. Rhg4+ Kf6 51. Rdf4+ Ke5 52. Rf3 Qa1 53. Rxg7 Kd6 54. Rxb7 Qe5+ 55. Rg3 Qa1 56. Ra7 1-0

[Event "Mazowieckie-chT 0405"]
[Site "Poland"]
[Date "2005.01.23"]
[Round "8"]
[White "Malkowski, Artur"]
[Black "Gugala, Pawel"]
[Result "1/2-1/2"]
[WhiteElo "2000"]
[BlackElo "1800"]
[PlyCount "97"]
[EventDate "2004.10.03"]
[EventType "team-tourn"]
[EventRounds "10"]
[EventCountry "POL"]
[SourceTitle "EXT 2019"]
[Source "ChessBase"]
[SourceDate "2018.10.10"]
[SourceVersion "1"]
[SourceVersionDate "2018.10.10"]
[SourceQuality "1"]

1. Nf3 d5 2. c4 c6 3. g3 Nf6 4. Bg2 Nbd7 5. 0-0 e5 6. cxd5 Nxd5 7. d4 exd4 8. Nxd4 N5f6 9. e4 Bc5 10. Nb3 0-0 11. Nxc5 Nxc5 12. Qc2 Ne6 13. Rd1 Nd4 14. Qc4 c5 15. Nc3 Qe7 16. Bg5 Be6 17. Nd5 Bxd5 18. exd5 Rac8 19. b4 b6 20. Kf1 Qd6 21. Rac1 Nd7 22. Bf4 Ne5 23. Qc3 f6 24. bxc5 bxc5 25. Qa5 Rfe8 26. Be3 Nef3 27. Bxf3 Nxf3 28. Bxc5 Qe5 29. Qb4 Qf5 30. Kg2 Re4 31. Qb3 Ng5 32. h4 Qh3+ 33. Kg1 Rxh4 34. d6+ Kh8 35. gxh4 Nf3+ 36. Qxf3 Qxf3 37. d7 Rd8 38. Bxa7 h5 39. Kf1 Qh3+ 40. Ke2 Rxd7 41. Rxd7 Qxd7 42. Be3 Qg4+ 43. f3 Qxh4 44. Rc5 g6 45. Rc8+ Kg7 46. Rc7+ Kf8 47. f4 Qh2+ 48. Kf3 Qxa2 49. Rc8+ 1/2-1/2

[Event "Mazowieckie-chT 0405"]
[Site "Poland"]
[Date "2004.12.05"]
[Round "5"]
[White "Gugala, Pawel"]
[Black "Ponceleusz, Bronislaw"]
[Result "0-1"]
[WhiteElo "1800"]
[BlackElo "2003"]
[PlyCount "92"]
[EventDate "2004.10.03"]
[EventType "team-tourn"]
[EventRounds "10"]
[EventCountry "POL"]
[SourceTitle "EXT 2019"]
[Source "ChessBase"]
[SourceDate "2018.10.10"]
[SourceVersion "1"]
[SourceVersionDate "2018.10.10"]
[SourceQuality "1"]

1. e4 c5 2. Nc3 e6 3. Nge2 d5 4. exd5 exd5 5. d4 Nf6 6. Bg5 Be7 7. Qd2 0-0 8. 0-0-0 c4 9. Nf4 Nc6 10. Bxf6 Bxf6 11. Ncxd5 Bxd4 12. Bxc4 Bf5 13. Bb5 Be5 14. Bd3 Bxd3 15. Qxd3 Qa5 16. Kb1 Rfd8 17. Qe4 Qb5 18. c3 a5 19. Rhe1 Qc5 20. f3 a4 21. a3 Re8 22. Nc7 f5 23. Qd5+ Qxd5 24. Nfxd5 Bxc7 25. Nxc7 Rxe1 26. Rxe1 Rd8 27. Re8+ Kf7 28. Rxd8 Nxd8 29. Nd5 Ke6 30. Nb6 Ke5 31. Kc2 Ne6 32. Nxa4 Nf4 33. g3 Ne6 34. Kd3 f4 35. g4 b5 36. Nb6 Nc5+ 37. Kc2 Kd6 38. b4 Ne6 39. a4 Ng5 40. axb5 Nxf3 41. Nc4+ Kc7 42. h3 Ng1 43. h4 Nf3 44. h5 Nh2 45. g5 f3 46. Ne3 f2 0-1